000 01279nam0a2200349 4500
001 RU\NLR\BIBL_A\010700637
005 20250614085834.0
010 _a978-5-360-05552-5
_915000
021 _aRU
_b2015-3806
_9232
021 _aRU
_b2017-58068
_94125
021 _aRU
_b2016-64948
_94151
021 _aRU
_b2016-98849
_96576
035 _a(RuMoRGB)008959699
035 _a(nilc)RSL-KNO-003181430
035 _a(NLR Aleph) 010700637
090 _a9721181
_c9721181
100 _a20070829d2015 |||y0rusy50 ca
101 0 _arus
102 _aRU
105 _aa|||j||||00yy
200 1 _aТехнология
_eучебник для учащихся общеобразовательных учреждений
_e1 класс
_fЕ.А. Лутцева
205 _a3-е, перераб.
210 _aМосква
_cВентана-Граф
_d2015
215 _a111 с.
_cцв. ил.
_d27
225 1 _aНачальная школа XXI века
606 1 _aТрудовое обучение
_jУчебники для начальной школы
_91841169
_3RU\NLR\AUTH\661125123
686 3 _aМ78я711-1
700 1 _aЛутцева
_bЕ. А.
_gЕлена Андреевна
_4070
942 _cBOOK
980 _aNB